000 00487nam a2200145 4500
999 _c14613
_d14613
008 191019b ||||| |||| 00| 0 eng d
022 _a03080587
082 _2DPer 420.5 M72 Apr-Oct 2011 v. 20, n. 2-4
100 _940441
_aShepherd, Nick.
245 _aAbout language/
_cNick Shepherd.
260 _aChichester, West Sussex:
_bPavilion Publishing,
_c©2011.
300 _av20 n2, pages 14:
_bcolor illustrations;
_c30 cm.
650 _aLanguage and languages.
_940615
942 _2ddc
_cPER